| 000 | 00552nam a2200205 a 4500 | ||
|---|---|---|---|
| 001 | 16270 | ||
| 003 | CO-ViMGA | ||
| 008 | 141112s2004 ck r 000 u spa d | ||
| 020 | _a9580460310 | ||
| 040 |
_aCO-ViMGA _bspa _cCO-ViMGA |
||
| 082 | 0 | 4 | _aWILer |
| 100 | 1 |
_aWillis, Jeanne; Ross, Tony _923257 |
|
| 245 | 1 | 0 | _a¿Cómo era yo cuando bebe? |
| 260 |
_aBogotá : _bNorma, _c2001 |
||
| 300 | _a30.p.il. | ||
| 490 | _aBuenas noches | ||
| 590 | _aForma de adquisición : Premio - Mincultura | ||
| 650 | 1 | 4 |
_aCUENTOS INFANTILES _92743 |
| 942 |
_2ddc _cBK |
||
| 999 |
_c26168 _d26168 |
||